Italian vocabulary - Nouns #1 - Statistics

General Stats
  • This quiz has been taken 147 times
  • The average score is 90 of 168
Answer Stats
Noun Translation % Correct
animale animal
95%
vino wine
95%
tempo time
90%
volta time|vault
90%
direzione direction
89%
processo process|trial
89%
padre father
87%
cane dog
86%
sud south
86%
porta door
84%
memoria memory
84%
momento moment
84%
periodo period
84%
donna woman
84%
politica policy|politics
81%
casa home|house
78%
notte night
78%
occasione opportunity|occasion
78%
programma program
78%
anno year
78%
attenzione attention
76%
isola island|isle
76%
vita life
76%
movimento movement
76%
ora now|hour
76%
passione passion
76%
figlio son
76%
lavoro work|job
76%
effetto effect
75%
mano hand
75%
mondo world
75%
base basis|base
73%
comunicazione communication
73%
giorno day
73%
occhio eye
73%
impressione impression
73%
sorella sister
73%
causa cause
71%
distanza distance
71%
funzione function
71%
giardino garden|yard
71%
test prova|test|esame
71%
commissione commission
70%
signore mr
70%
parte part
70%
paese country|town
68%
destino destiny|fate
68%
strada road|street
68%
stato state
68%
titolo title
68%
parola word
68%
attività activity
67%
friend amico|amica
67%
punto point
67%
difficoltà difficulty
65%
era era|epoca
65%
guerra war
65%
mother madre
63%
nature natura
63%
inizio start|beginning
63%
dente tooth
63%
conseguenza result|consequence|aftermath
62%
memory ricordo|memoria
62%
cosa thing
62%
autore author
60%
guardia guard
60%
love amore
59%
sea mare
59%
name nome
59%
people persone|gente|popolo
59%
evening sera
59%
mrs signora
59%
water acqua
57%
god dio
57%
idea idea
57%
police polizia
57%
sun sole
57%
eccellenza excellence
56%
istituto institute
56%
moon luna
56%
room sala|stanza|camera
56%
air aria
54%
question domanda|questione|dilemma
54%
denaro money
54%
opera opera
54%
fenomeno phenomenon
54%
star stella
54%
voice voce
54%
coscienza consciousness|conscience
52%
maggio may
52%
gusto taste
52%
sogno dream
51%
flower fiore
51%
month mese
51%
position posizione
51%
head testa|capo
51%
area area|zona
49%
caso case|chance
49%
example esempio
49%
party festa
49%
figure figura
49%
freedom libertà
49%
heart cuore
48%
fact fatto
48%
light luce
48%
history storia
48%
office ufficio
48%
kilometer chilometro|kilometro
46%
mente mind
46%
person persona
46%
solution soluzione
46%
difference differenza
44%
fire fuoco
44%
game gioco
44%
success successo
44%
carattere character
43%
control controllo
43%
experience esperienza
43%
terreno ground|terrain
43%
square piazza|quadrato
43%
modo way
43%
fear paura
41%
tree albero
40%
prezzo price
40%
reason motivo|ragione
38%
origin origine
38%
province provincia
38%
sense senso
38%
importance importanza
37%
reason ragione
37%
soldier soldato
37%
iron ferro
35%
government governo
35%
past passato
35%
power potere|forza|potenza
35%
doubt dubbio
33%
spettacolo show
33%
street via
33%
volontà will
33%
view vista
32%
dito finger
30%
place posto|luogo
30%
product prodotto
30%
space spazio
30%
countryside campagna
29%
field campo
29%
malattia disease|illness
29%
mass massa|messa
29%
enemy nemico
29%
grace grazia
27%
punishment pena|punizione
27%
race corsa|gara|razza
25%
grass erba|prato
25%
kingdom regno
25%
research ricerca
25%
stampa press|print
24%
dovere duty
22%
species specie
22%
wish desiderio|voglia
21%
measure misura
21%
result risultato
21%
parete wall
21%
quadro painting
19%
sviluppo development
13%
order ordine
13%
tip punta|mancia|consiglio
13%
background sfondo
11%
volto face
8%
No matching quizzes found
Score Distribution
Percent of People with Each Score
Percentile by Number Answered
Your Score History
You have not taken this quiz